000 01462nam a2200241Ia 4500
003 Ost
005 20260507075124.0
008 260507s9999||||xx |||||||||||||| ||und||
040 _cfsecg
041 _aara
082 _a330
100 _aغالب ياسين، سعد
_eمؤلف
245 0 _aأساسيات نظم المعلومات الإدارية وتكنولوجيا المعلومات /
_c سعد غالب ياسين
260 _aعمان:
_bدار المناهج,
_c2005
300 _a399 صفحة؛
_bإيضاحات ؛
_c25 سم
520 _aنظم المعلومات وتكنولوجيا المعلومات،مفهوم نظم المعلومات الإدارية،أنواع نظم المعلومات الإدارية،تكنولوجيا نظم المعلومات الإدارية،تطوير نظم المعلومات الإدارية،أخلاقيات الأعمال وأمن المعلومات،نظم المعلومات الإدارية،الأعمال الإلكترونية والتجارة الإلكترونية،دراسات تطبيقية في تكنولوجيا المعلومات ونظم المعلومات الإدارية
653 _aالأعمال الإليكترونية
653 _aالتجارة الإليكترونية
653 _aالمعلومات الإدارية
653 _aتكنولوجيا المعلومات
653 _aنظم المعلومات- المؤسسة الممتدة
942 _cكتاب
999 _c43128
_d43128